[Event "RUS-chT2"]
[Site "Sochi"]
[Date "2019.05.01"]
[Round "1.3"]
[White "Zakaryan, David"]
[Black "Ufimtsev, Egor"]
[Result "1-0"]
[WhiteElo "2350"]
[BlackElo "2101"]
[PlyCount "105"]
[EventDate "2019.05.01"]
[EventType "team-swiss"]
[EventRounds "9"]
[EventCountry "RUS"]
[SourceTitle "CBM 190 Extra"]
[Source "ChessBase"]
[SourceDate "2019.07.15"]
[SourceVersion "1"]
[SourceVersionDate "2019.07.15"]
[SourceQuality "1"]
[WhiteTeam "Sochi Krasnodar Territory"]
[BlackTeam "Moscow BYCP"]
[WhiteTeamCountry "RUS"]
[BlackTeamCountry "RUS"]

1. Nf3 d5 2. d4 e6 3. c4 c6 4. e3 Nf6 5. Nc3 Be7 6. b3 0-0 7. Be2 Bb4 8. Bd2 dxc4 9. Bxc4 Qa5 10. Qc2 Nd5 11. Nxd5 cxd5 12. Bd3 g6 13. h4 Nc6 14. a3 Bxd2+ 15. Qxd2 Qxd2+ 16. Kxd2 h5 17. b4 a6 18. Rac1 Bd7 19. Rc2 Rfc8 20. Rhc1 Kf8 21. Ne5 Ke7 22. f3 Nxe5 23. dxe5 Rxc2+ 24. Rxc2 Bc6 25. a4 Bxa4 26. Rc7+ Kf8 27. Rxb7 Bb5 28. Bxb5 axb5 29. Ke2 Ra2+ 30. Kf1 Ra3 31. Kf2 Ra2+ 32. Kg3 Re2 33. Rxb5 Rxe3 34. Rb8+ Ke7 35. Kf4 Re2 36. g3 d4 37. Rb7+ Kf8 38. Rb6 d3 39. Rd6 Rb2 40. Rxd3 Rxb4+ 41. Kg5 Ke7 42. Ra3 Rb7 43. Kh6 Rb2 44. Kg7 Rg2 45. f4 Rg1 46. Ra7+ Ke8 47. Rxf7 Rxg3 48. Kf6 Rg4 49. Kxe6 Rxh4 50. Ra7 Kf8 51. f5 gxf5 52. Kf6 Kg8 53. e6 1-0

[Event "St Petersburg Korchnoi Memorial op"]
[Site "St Petersburg"]
[Date "2018.08.22"]
[Round "8"]
[White "Ufimtsev, Egor"]
[Black "Rudovskii, Filipp"]
[Result "1-0"]
[WhiteElo "2145"]
[BlackElo "2052"]
[PlyCount "65"]
[EventDate "2018.08.15"]
[EventType "swiss"]
[EventRounds "9"]
[EventCountry "RUS"]
[SourceTitle "CBM 186 Extra"]
[Source "ChessBase"]
[SourceDate "2018.08.24"]
[SourceVersion "1"]
[SourceVersionDate "2018.08.24"]
[SourceQuality "1"]

1. c4 Nf6 2. Nf3 g6 3. Nc3 d5 4. Qa4+ Bd7 5. Qb3 Bc6 6. cxd5 Nxd5 7. Ne5 e6 8. Nxc6 Nxc6 9. e3 Nb6 10. Be2 Bg7 11. 0-0 0-0 12. d4 Qd6 13. Bf3 Rfd8 14. Ne4 Qe7 15. Nc5 Nd5 16. Bxd5 exd5 17. Qxb7 Na5 18. Qa6 Nc4 19. b3 Rd6 20. Qb7 Nb6 21. Ba3 Rdd8 22. Qa6 Qh4 23. Rac1 Rac8 24. Bb4 g5 25. Na4 Nd7 26. Qxa7 Be5 27. g3 Qh3 28. dxe5 Nxe5 29. f3 c5 30. Bxc5 d4 31. Qe7 Rd5 32. Qxg5+ Kh8 33. Bxd4 1-0

[Event "St Petersburg Korchnoi Memorial op"]
[Site "St Petersburg"]
[Date "2018.08.21"]
[Round "7"]
[White "Bajarani, Ulvi"]
[Black "Ufimtsev, Egor"]
[Result "1-0"]
[WhiteElo "2425"]
[BlackElo "2145"]
[PlyCount "79"]
[EventDate "2018.08.15"]
[EventType "swiss"]
[EventRounds "9"]
[EventCountry "RUS"]
[SourceTitle "CBM 186 Extra"]
[Source "ChessBase"]
[SourceDate "2018.08.24"]
[SourceVersion "1"]
[SourceVersionDate "2018.08.24"]
[SourceQuality "1"]

1. d4 Nf6 2. c4 e6 3. g3 c5 4. Nf3 cxd4 5. Nxd4 d5 6. Bg2 e5 7. Nb3 Bb4+ 8. Bd2 dxc4 9. Bxb4 Qxd1+ 10. Kxd1 cxb3 11. axb3 Nc6 12. Bc5 Be6 13. Nd2 Bd5 14. Bxd5 Nxd5 15. e4 Ndb4 16. Ke2 Nc2 17. Rac1 N2d4+ 18. Ke3 0-0-0 19. Bxa7 f5 20. Bb6 f4+ 21. gxf4 exf4+ 22. Kxf4 Ne2+ 23. Ke3 Nxc1 24. Bxd8 Nxb3 25. Nxb3 Rxd8 26. Nc5 Ne5 27. Rc1 Kb8 28. f4 Ng4+ 29. Kf3 Nf6 30. e5 Nh5 31. e6 Nf6 32. Ne4 Ne8 33. f5 Nc7 34. Nc5 b6 35. Nd7+ Kb7 36. Kf4 g6 37. Nf6 Rf8 38. Rxc7+ Kxc7 39. e7 Rxf6 40. e8N+ 1-0

[Event "St Petersburg Korchnoi Memorial op"]
[Site "St Petersburg"]
[Date "2018.08.18"]
[Round "4"]
[White "Postanogov, Dmitrii"]
[Black "Ufimtsev, Egor"]
[Result "1/2-1/2"]
[WhiteElo "1961"]
[BlackElo "2145"]
[PlyCount "163"]
[EventDate "2018.08.15"]
[EventType "swiss"]
[EventRounds "9"]
[EventCountry "RUS"]
[SourceTitle "CBM 186 Extra"]
[Source "ChessBase"]
[SourceDate "2018.08.24"]
[SourceVersion "1"]
[SourceVersionDate "2018.08.24"]
[SourceQuality "1"]

1. e4 c5 2. Nf3 e6 3. c3 Nf6 4. e5 Nd5 5. d4 cxd4 6. cxd4 d6 7. Bc4 Nb6 8. Bd3 Nc6 9. 0-0 Nb4 10. Nc3 Nxd3 11. Qxd3 Be7 12. exd6 Bxd6 13. Ne4 Be7 14. Rd1 0-0 15. b3 Nd5 16. Bb2 b6 17. Rac1 Bb7 18. Ne5 Nb4 19. Qb1 Nxa2 20. Qxa2 Bxe4 21. d5 Bxd5 22. Nc6 Qe8 23. Nxe7+ Qxe7 24. Ba3 Qg5 25. f4 Qxf4 26. Bxf8 Kxf8 27. Qa3+ Kg8 28. Qxa7 Qe3+ 29. Kh1 h5 30. Qxa8+ Bxa8 31. Rc8+ Kh7 32. Rxa8 Qxb3 33. Raa1 e5 34. Rab1 Qe6 35. Rb2 e4 36. Rdb1 e3 37. Rxb6 Qg4 38. R6b4 Qg5 39. Rb5 f5 40. g3 Qe7 41. Re1 h4 42. Rb3 e2 43. Kg2 Qe4+ 44. Kf2 Qd4+ 45. Kxe2 Qc4+ 46. Rd3 h3 47. Ke3 Qe6+ 48. Kf2 Qb6+ 49. Ree3 Kh6 50. Rd2 Kg5 51. Ke2 Qb7 52. Rf3 g6 53. Re3 Qg2+ 54. Kd3 Qf1+ 55. Kc2 Kh5 56. Red3 g5 57. Rd5 Kg4 58. Rd8 Qc4+ 59. Kd1 Qf1+ 60. Kc2 Qc4+ 61. Kd1 f4 62. gxf4 gxf4 63. R2d4 Qb3+ 64. Kc1 Qc3+ 65. Kd1 Qa1+ 66. Ke2 Qa2+ 67. Rd2 Qe6+ 68. Kd1 Qc4 69. R2d4 Qf1+ 70. Kc2 Qf2+ 71. Rd2 Qc5+ 72. Kd1 Qc4 73. R2d4 Qc6 74. Rg8+ Kf3 75. Rf8 Ke3 76. Rdxf4 Qd6+ 77. Kc2 Qd2+ 78. Kb3 Qxh2 79. Rf3+ Ke2 80. Rc3 Qe5 81. Rc2+ Ke3 82. Rc3+ 1/2-1/2

[Event "Moscow op-A 14th"]
[Site "Moscow"]
[Date "2018.02.02"]
[Round "7"]
[White "Ufimtsev, Egor"]
[Black "Efremov, Vladislav"]
[Result "1-0"]
[WhiteElo "2132"]
[BlackElo "1995"]
[PlyCount "111"]
[EventDate "2018.01.27"]
[EventType "swiss"]
[EventRounds "9"]
[EventCountry "RUS"]
[SourceTitle "CBM 182 Extra"]
[Source "ChessBase"]
[SourceDate "2018.02.23"]
[SourceVersion "1"]
[SourceVersionDate "2018.02.23"]
[SourceQuality "1"]

1. c4 e6 2. Nf3 d5 3. g3 c6 4. Bg2 Nf6 5. 0-0 Nbd7 6. d4 Bd6 7. Nfd2 0-0 8. Nc3 Be7 9. e4 dxe4 10. Ndxe4 Nxe4 11. Nxe4 e5 12. d5 f5 13. dxc6 bxc6 14. Nd6 Qc7 15. Nb5 Qb7 16. b3 Nc5 17. Nc3 Rd8 18. Qe2 Bf6 19. Bb2 Ne6 20. Rad1 Nd4 21. Qe3 Be6 22. Rxd4 Rxd4 23. Nd5 Bxd5 24. cxd5 c5 25. Bxd4 cxd4 26. Qe2 Rd8 27. g4 fxg4 28. Qxg4 Qd7 29. Qh5 Qf7 30. Qf5 Qd7 31. Qd3 Bg5 32. Be4 h6 33. Qg3 Qe7 34. Re1 Qf6 35. Bd3 Bh4 36. Qg2 Rf8 37. Re2 Qf3 38. Qxf3 Rxf3 39. Bg6 Bf6 40. Kg2 Rf4 41. f3 Kf8 42. Rc2 Bd8 43. Bd3 Rf6 44. b4 Rd6 45. Bc4 Rd7 46. Kf2 Ke7 47. Ke2 Rc7 48. a4 Kd6 49. Kd3 Rc8 50. Re2 Bg5 51. a5 Rf8 52. Rf2 Rb8 53. b5 Bh4 54. Rd2 Kc7 55. Ke4 Bf6 56. Re2 1-0